书目信息 |
| 题名: |
跨文化交际
|
|
| 作者: | 张爱琳 主编 | |
| 分册: | ||
| 出版信息: | 重庆 重庆大学出版社 2003.04 |
|
| 页数: | 248页 | |
| 开本: | 20cm | |
| 丛书名: | ||
| 单 册: | ||
| 中图分类: | H319.4 | |
| 科图分类: | ||
| 主题词: | 英语 | |
| 电子资源: | ||
| ISBN: | 7-5624-2829-8 | |
| 000 | 00503nam0 2200181 45 | |
| 001 | 0440905902 | |
| 005 | 20041126091214.07 | |
| 010 | @a7-5624-2829-8@dCNY 11.00 | |
| 100 | @a20040425d2003 km y0chiy0120 ea | |
| 101 | 0 | @achi |
| 200 | 1 | @a跨文化交际@AKua Wen Hua Jiao Ji@f张爱琳主编@Fzhang ai lin zhu bian |
| 210 | @a重庆@c重庆大学出版社@d2003.04 | |
| 215 | @a248页@d20cm | |
| 606 | 0 | @a英语 |
| 690 | @aH319.4@v3 | |
| 701 | 0 | @a张爱琳@Azhang ai lin@4主编 |
| 801 | 0 | @aCN@bPFT@c20041126 |
| 905 | @dH319.4@eZ070 | |
| 跨文化交际/张爱琳主编.-重庆:重庆大学出版社,2003.04 |
| 248页;20cm |
| ISBN 7-5624-2829-8:CNY 11.00 |
| ● |
| 相关链接 |
|
|
|
正题名:跨文化交际
索取号:H319.4/Z070
 
预约/预借
| 序号 | 登录号 | 条形码 | 馆藏地/架位号 | 状态 | 备注 |
| 1 | 427281 | 204272811 | 语言库209/209语言库 50排7列2层/ [索取号:H319.4/Z070] | 在馆 | |
| 2 | 427282 | 204272820 | 语言库209/209语言库 50排7列2层/ [索取号:H319.4/Z070] | 在馆 | |
| 3 | 427283 | 204272839 | 语言库209/209语言库 50排7列2层/ [索取号:H319.4/Z070] | 在馆 |